000 00758nam a2200229Ia 4500
003 OSt
005 20260325094133.0
008 210716s1988 xx 000 0 und d
020 _a0201157683
040 _cAIMIT LIBRARY
041 _aeng
082 _a511.3
_21
_bSUDT
100 _aSudkamp, Thomas A.
_9259219
245 _aLanguages and machines :
_bintroduction to the theory of computer science /
_cBy Thomas A Sudkamp.
250 _a1st ed.
260 _aNew York :
_bAddison Wesley Publishing Company ,
_c1988.
300 _axv,444P. ;
_bPB
_c24.5 cm
650 _aContext- free grammars and parsing
_9259220
650 _aAutomata and languages
_9259221
650 _aDecidability and computability
_9259222
942 _2ddc
_cBK
_e1st
_k511.3 SUDT
999 _c182388
_d182388